000 00930nam0a22002771 4500
001 rc\4774741
005 20250613081438.0
021 _aRU
_b[62-53676]
035 _a(NLR Aleph) 009025143
090 _a9453346
_c9453346
100 _a20130417d1962 |||y0rusy50 ca
101 0 _arus
102 _aRU
105 _ay z |||||
200 1 _aСила в механизации
210 _aБелгород
_cКн. изд-во
_d1962
215 _a19 с.
_d14
225 1 _aШкола передового опыта
300 _aАвтор - животновод колхоза им. Кирова, Вейделев. района
606 _aСвиньи
_xОткорм и нагул
_yБелгородская область
_2psbo
700 1 _aОсадчая
_bК.В.
_gКлавдия Васильевна
801 0 _aRU
_bNLR
_gpsbo
801 1 _aRU
_bELAR
_2rusmarc
852 _aNLR
_j62-1/949
942 _cBOOK
980 _aNB